Statistics for World Capitals Closest to Madrid

Click here to take the quiz!

General Stats

  • This quiz has been taken 27,146 times
  • The average score is 15 of 20

Answers on the Map

Answers color-coded by a green-red scale on the quiz's map according to % correct below.
Loading ...
 

Answer Stats

kmcapital% Correct
1053Paris
99%
503Lisbon
98%
1265London
97%
1363Rome
96%
1453Dublin
89%
1319Brussels
87%
1483Amsterdam
86%
1153Bern
84%
991Monaco
79%
1281Luxembourg
77%
1271Tunis
73%
719Algiers
70%
1362Vatican City
69%
771Rabat
69%
1385San Marino
68%
494Andorra la Vella
68%
1668Valletta
56%
1297Vaduz
55%
1702Zagreb
54%
1600Ljubljana
48%

Score Distribution

Percentile by Number Answered

Percent of People with Each Score

Your Score History

You have not taken this quiz